Lana Del Rey- White Mustang (All Lyrics) - Statistics

General Stats
  • This quiz has been taken 346 times
  • The average score is 154 of 209
Answer Stats
Lyrics % Correct
you
99%
your
98%
Your
98%
I
97%
Mustang
97%
mustang
97%
white
97%
White
97%
a
96%
the
94%
The
94%
day
89%
saw
89%
you're
83%
You're
83%
my
82%
for
81%
like
81%
it
80%
all
79%
summer
77%
But
75%
'Cause
74%
'cause
74%
things
74%
on
73%
Packin'
73%
me
72%
it's
70%
was
69%
and
68%
And
68%
bummer
68%
in
68%
record
68%
dropped
66%
liked
66%
Could
65%
lot
65%
said
65%
Said
65%
when
65%
got
63%
bed
62%
number
62%
that
62%
couldn't
61%
didn't
60%
way
60%
Lyin'
59%
call
58%
stop
58%
feelin'
57%
killer
56%
up
56%
hit
55%
just
55%
wild
52%
been
50%
dress
50%
Everybody
50%
gonna
49%
what
49%
fool
48%
revvin'
47%
believin'
46%
change
46%
filters
46%
I've
46%
such
45%
too
45%
you've
45%
lightnin'
44%
liittle
44%
livin'
44%
That's
44%
thought
44%
ways
44%
arms
42%
dreams
42%
Held
40%
tight
40%
sound
39%
were
39%
forgettin'
38%
gettin'
38%
leavin'
38%
soft
38%
frightenin'
36%
lovin'
36%
meant
36%
Slippin'
36%
Summer's
36%
armageddon
35%
Caught
35%
of
35%
actin'
33%
part
26%
lightin'
22%
No matching quizzes found
Score Distribution
Percent of People with Each Score
Percentile by Number Answered
Your Score History
You have not taken this quiz